000 00756nam a2200253Ia 4500
003 OSt
005 20221005060058.0
006 a|||||r|||| 00| 0
007 ta
008 221004b |||||||| |||| 00| 0 eng d
020 _a9780745338040 (pbk)
_cUKP 14.99
024 _a42893
037 _b57299, 20/02/2019, Segment Book Distributors
_cTextual
040 _aCRL
_cCRL
_beng
041 _2eng
_aeng
082 _aV1, Q8
100 _aFaulkner Neil Au.
_9599335
245 0 _aRadical history of the world
260 _aLondon
_bPluto Press UK
_c2018
300 _axi,580p.
_ccm.
650 _aWORLD HISTORY
942 _hV1, Q8
_cTEXL
_2cc
999 _c966139
_d966139